| 000 | 00409nam a2200145Ia 4500 | ||
|---|---|---|---|
| 008 | 231129s1985||||xx |||||||||||||| ||spa|| | ||
| 020 | _a958-602-042-8 | ||
| 040 | _bspa | ||
| 082 | _a986.1076 A319b | ||
| 100 | _aAlape Arturo | ||
| 245 | 0 | _aEl Bogotazo: memorias del olvido | |
| 260 | _c1985 | ||
| 264 | _aBogotá Colombia: Círculo de Lectores | ||
| 942 |
_2ddc _cBKS |
||
| 999 |
_c10372 _d10372 |
||